| 000 | 00000nam##2200000za#4500 |
| 001 | 9.635747 |
| 003 | CaOODSP |
| 005 | 20250611103527 |
| 007 | cr ||||||||||| |
| 008 | 150407|2007||||xxc|||||o f|0| 0 fre|d |
| 020 | |a978-0-662-04844-2 |
| 040 | |aCaOODSP|bfre |
| 043 | |an-cn--- |
| 086 | 1 |aA52-115/2007F-PDF |
| 110 | 1 |aCanada. |bAgriculture et agroalimentaire Canada. |
| 245 | 10|aRecherches d'Agriculture et Agroalimentaire Canada - Centre de recherche et d'innovation de Vineland |h[ressource électronique] |
| 260 | |aOttawa - Ontario : |bAgriculture et Agroalimentaire Canada |cc2007. |
| 300 | |a2p.|bphotographies |
| 590 | |a10-10-Supp|b2010-11-09 |
| 691 | 07|aCultures fruitières|2gcpds |
| 691 | 07|aPesticide|2gcpds |
| 691 | 07|aRecherche appliquée|2gcpds |
| 775 | 08|tAgriculture and Agri-Food Canada Research - Vineland Research and Innovation Centre |w(CaOODSP)9.691416 |
| 856 | 40|ahttp://publications.gc.ca|qPDF|s7935 Ko|uhttps://publications.gc.ca/collections/collection_2009/agr/A52-115-2007F.pdf |
| 986 | |aN° AAC 10346F |